000 00889nam a2200289 a 4500
005 20191224041622.0
008 140304b2000 ck ||||| |||| 00| 0 spa d
040 _aCO-BoIAVH
_cCO-BoIAVH
041 _aspa
044 _ack
082 1 4 _a333.75
_bR43m
100 1 _aRestrepo Llano, Juan Camilo
245 1 0 _aManual del reubicador de fauna silvestre
260 _aMedellín:
_bCORANTIOQUIA,
_c2000.
300 _a36 páginas
650 1 _aFauna silvestre
650 1 _aLegislación ambiental
650 1 _aEspecies domesticadas
650 1 _aEspecies exóticas
650 1 _aRecursos hidrobiológicos
650 1 _aRecursos pesqueros
650 1 _aDecomiso de especies
650 1 _aReubicación de especies
650 1 _aZoonosis
700 1 _aBodhert Rivera, Yocasta
942 _cFolleto
_2ddc
999 _c2087
_d2087